Actors frequently working with Wes Anderson - Statistics

General Stats
  • This quiz has been taken 342 times
  • The average score is 7 of 24
Answer Stats
Number of collaborations One character he/she played Answer % Correct
7 Steve Zissou (The Life Aquatic) Bill Murray
96%
7 Francis Whitman (Darjeeling Limited) Owen Wilson
89%
3 Richie Tenenbaum (The Royal Tenenbaums) Luke Wilson
72%
5 Max Fischer (Rushmore) Jason Schwartzmann
70%
2 Scout Master Randy Ward (Moonrise Kingdom) Edward Norton
64%
3 Dmitri Desgoffe-und-Taxis (Grand Budapest Hotel) Adrien Brody
63%
3 Klaus Daimler (The Life Aquatic) Willem Dafoe
52%
2 Social Services (Moonrise Kingdom) Tilda Swinton
47%
3 Etheline Tenenbaum (The Royal Tenenbaums) Anjelica Huston
44%
2 Deputy Kovacs (The Grand Budapest Hotel) Jeff Goldblum
36%
2 Narrator (Moonrise Kingdom) Bob Balaban
16%
2 Commander Pierce (Moonrise Kingdom) Harvey Keitel
14%
3 Coach Beck (Rushmore) Andrew Wilson
12%
2 Dr Nelson Guggenheim (Rushmore) Brian Cox
8%
3 Bert Fischer (Rushmore) Seymour Cassel
7%
3 Mr Adams (Rushmore) Dipak Pallana
6%
4 Kumar (Bottle Rocket) Kumar Pallana
6%
2 Oseary Drakoulias (The Life Aquatic) Michael Gambon
5%
3 Chief Steward (Darjeeling Limited) Waris Ahluwalia
5%
4 Kylie Sven Opossum (Fantastic Mr Fox) Wallace Wolodarsky
4%
3 Mr Billingsley (Moonrise Kingdom) Larry Pine
2%
3 Rob (Bottle Rocket) Stephen Dignan
2%
3 H. Clay Murchison (Bottle Rocket) Brian Tenenbaum
1%
2 Skotak (Moonrise Kingdom) Gabriel Rush
1%
No matching quizzes found
Score Distribution
Percent of People with Each Score
Percentile by Number Answered
Your Score History
You have not taken this quiz